000 01130cam a22003493a 4500
001 31484
003 PGUSA
005 20140828083700.0
008 100303s2010||||xxu|||||s|||||000 1 eng d
040 _aPGUSA
_beng
042 _adc
050 4 _aPR
100 1 _aStevenson, Robert Louis,
_d1850-1894
245 1 4 _aThe Works of Robert Louis Stevenson - Swanston Edition, Vol. 8
_h[electronic resource] /
_cRobert Louis Stevenson
260 _bProject Gutenberg,
_c2010
505 0 _aThe Black Arrow -- Markheim
506 _aPublic domain in the USA.
516 _aElectronic text
653 _aBildungsromans
653 _aKnights and knighthood -- Fiction
653 _aOutlaws -- Fiction
653 _aWar stories
653 _aHistorical fiction
653 _aYoung men -- Fiction
653 _aEnglish literature -- 19th century
653 _aGuardian and ward -- Fiction
653 _aGreat Britain -- History -- Wars of the Roses, 1455-1485 -- Fiction
700 1 _aLang, Andrew,
_d1844-1912
830 0 _aProject Gutenberg
_v31484
856 4 0 _uhttp://www.gutenberg.org/ebooks/31484
942 _cEB
999 _c260739
_d260739